[Event "GBR-ch U12 106th"]
[Site "Torquay"]
[Date "2019.07.28"]
[Round "1"]
[White "Song, Anwen"]
[Black "Buckman, Cyrus"]
[Result "1-0"]
[WhiteElo "1480"]
[BlackElo "1067"]
[PlyCount "109"]
[EventDate "2019.07.28"]
[EventType "swiss"]
[EventRounds "7"]
[EventCountry "ENG"]
[SourceTitle "EXT 2020"]
[Source "ChessBase"]
[SourceDate "2019.10.17"]
[SourceVersion "1"]
[SourceVersionDate "2019.10.17"]
[SourceQuality "1"]

1. e4 d5 2. exd5 Nf6 3. Bc4 Nxd5 4. Nf3 Nb6 5. Bb3 Bg4 6. 0-0 Nc6 7. Bxf7+ Kxf7 8. Ng5+ Ke8 9. Qxg4 h5 10. Qe6 Qd5 11. Qxd5 Nxd5 12. Na3 Nf4 13. Nb5 Kd7 14. Re1 Rd8 15. Nf7 Nb4 16. Na3 Ng6 17. Nxd8 Kxd8 18. d3 e5 19. Bg5+ Kc8 20. Red1 Nc6 21. Nc4 Nd4 22. c3 Ne2+ 23. Kf1 Nef4 24. Nxe5 Be7 25. Nxg6 Nxg6 26. Bxe7 Nxe7 27. Re1 Nd5 28. Re5 Nf6 29. Rae1 Kd8 30. h3 Rg8 31. Re6 Nd5 32. d4 Nf4 33. R6e3 g5 34. f3 Rf8 35. Kg1 Rg8 36. Kh2 g4 37. fxg4 hxg4 38. Rg3 Nh5 39. Rxg4 Rxg4 40. hxg4 Nf4 41. Kg3 Nd3 42. Re3 Nxb2 43. g5 Nd1 44. Rf3 Nxc3 45. Rxc3 Ke8 46. Rf3 a5 47. g6 a4 48. g7 b5 49. g8Q+ Ke7 50. Qd5 b4 51. Re3+ Kf8 52. Qf5+ Kg7 53. Re7+ Kg8 54. Qf7+ Kh8 55. Qh7# 1-0